| 000 | 01501nam a2200445 i 4500 | ||
|---|---|---|---|
| 001 | 25174 | ||
| 003 | KOSZ 005 | ||
| 005 | 20200511104105.0 | ||
| 008 | s1995 pl f |000 0 pol | ||
| 020 | _a838638445X | ||
| 040 |
_cKOSZ 005 _aKOSZ 005 _dKOSZ 005/EG |
||
| 041 | _apol | ||
| 080 | _a631.5 | ||
| 080 | _a631.6 | ||
| 080 | _a(075.3) | ||
| 100 | 1 |
_aFotyma, Mariusz _d(1936- ) _eAutor |
|
| 245 | 1 | 0 |
_aTechnologie produkcji roślinnej / _cMariusz Fotyma, Krzysztof Kryński, Jan Kuś. |
| 260 |
_aWarszawa : _bHORTPRESS, _c1995. |
||
| 300 |
_a237, [2] s. : _bmapy, rys., wykr. ; _c21 cm. |
||
| 336 |
_2rdacontent _aTekst _btxt |
||
| 337 |
_2rdamedia _aBez urządzenia pośredniczącego _bn |
||
| 338 |
_2rdacarrier _aWolumin _bnc |
||
| 380 | _aKsiążki | ||
| 380 | _aPublikacje dydaktyczne | ||
| 385 |
_mPoziom nauczania _aSzkoły zawodowe |
||
| 388 | _a1901-2000 | ||
| 388 | _a1989-2000 | ||
| 504 | _aBibliogr. s. 237-[238]. | ||
| 521 | _aPodręcznik dla uczniów szkół kształcących w zawodzie technik rolnik. | ||
| 650 | 7 | _aRośliny | |
| 650 | 7 | _aUprawa | |
| 650 | 7 | _aAgrotechnika | |
| 655 | 7 | _aPodręczniki szkolne | |
| 658 | _aRolnictwo i leśnictwo | ||
| 700 | 1 |
_aKryński, Krzysztof _eAutor |
|
| 700 | 1 |
_aKuś, Jan _eAutor |
|
| 710 | 2 |
_aWydawnictwo Hortpress _4pbl |
|
| 856 |
_uhttp://koha.tu.koszalin.pl/cgi-bin/koha/opac-detail.pl?biblionumber=25174 _yKatalog online BPK |
||
| 942 |
_cKS _2UKD |
||
| 999 |
_c25174 _d25174 |
||